00699nam a2200241 a 4500001001300000003000900013005001700022008004100039020000900080082001500089100002100104245003000125260004100155300000900196500003500205505002100240650002900261700002100290902000800311942000700319952011400326999001700440nice12345678IN_TiNIC20260116013956.0050524s1993 anaa grp 000 0 eng  ac4000a261.7bLOB aLobo, S J George aChurch and Social Justice aAnandbGujarat Sahitya Prakashc1993 a170p aincludes index and biblioraphy2 aIndex of authors aChristianity and Justice1 aLobo, S J George bSRS cBK 001040708StackRoom-aHMIbHMId2007-07-10g40.00l0o261.7 LOBp019212r2007-07-10v40.00w2005-05-24yBK c13333d13333